Grecia, en mi clave (Record no. 32770)

MARC details
000 -LEADER
campo de control de longitud fija 00621nam a2200205 i 4500
001 - NÚMERO DE CONTROL
campo de control 32770
003 - IDENTIFICADOR DE NÚMERO DE CONTROL
campo de control ES-MaACL
007 - CAMPO FIJO DE DESCRIPCIÓN FÍSICA--INFORMACIÓN GENERAL
campo de control de longitud fija t|
008 - DATOS DE LONGITUD FIJA--INFORMACIÓN GENERAL
campo de control de longitud fija 030131s1983 sp ||||1| spa d
100 1# - ENTRADA PRINCIPAL--NOMBRE DE PERSONA
Nombre de persona Bertrán, Juan Bautista.
9 (RLIN) 28494
245 10 - MENCIÓN DEL TÍTULO
Título Grecia, en mi clave
Resto del título : poemas /
Mención de responsabilidad, etc. Juan Bautista Bertrán ; ilustraciones: Pere Arasa.
250 ## - MENCION DE EDICION
Mención de edición [1ª ed.].
260 ## - PUBLICACIÓN, DISTRIBUCIÓN, ETC.
Lugar de publicación, distribución, etc. Barcelona :
Nombre del editor, distribuidor, etc. Libros de Río Nuevo,
Fecha de publicación, distribución, etc. [1983]
300 ## - DESCRIPCIÓN FÍSICA
Extensión 81 p. :
Otras características físicas il. ;
Dimensiones 20 cm.
490 1# - MENCIÓN DE SERIE
Mención de serie Ucieza ;
Designación de volumen o secuencia 12
700 1# - ENTRADA AGREGADA--NOMBRE PERSONAL
Nombre de persona Arasa, Pere.
9 (RLIN) 22348
830 0# - PUNTO DE ACCESO ADICIONAL DE SERIE-TÍTULO UNIFORME
Título uniforme Ucieza ;
Designación de volumen o secuencia 12
9 (RLIN) 229431
852 ## - LOCALIZACIÓN
Ubicación ES-MaACL
Número de control de estantería L-4705
Sublocalización o colección R.105356
Holdings
Estatus retirado Estado de pérdida Estado de daño No para préstamo Biblioteca de origen Biblioteca actual Ubicación en estantería Fecha de adquisición Fuente de adquisición Total de préstamos Signatura topográfica completa Código de barras Visto por última vez Precio de reemplazo Tipo de ítem Koha
        Biblioteca del Ateneo de Madrid Biblioteca del Ateneo de Madrid Depósito 2 17/01/2008     L-4705 1033999 23/02/2023 23/02/2023 Libro impreso